News writing / (Record no. 19755)

MARC details
000 -LEADER
fixed length control field 02054cam a2200409 i 4500
001 - CONTROL NUMBER
control field 17615417
003 - CONTROL NUMBER IDENTIFIER
control field OSt
005 - DATE AND TIME OF LATEST TRANSACTION
control field 20221101113408.0
008 - FIXED-LENGTH DATA ELEMENTS--GENERAL INFORMATION
fixed length control field 130206s2014 enk b 001 0 eng d
010 ## - LIBRARY OF CONGRESS CONTROL NUMBER
LC control number 2013932565
015 ## - NATIONAL BIBLIOGRAPHY NUMBER
National bibliography number GBB384870
Source bnb
016 7# - NATIONAL BIBLIOGRAPHIC AGENCY CONTROL NUMBER
Record control number 016499376
Source Uk
020 ## - INTERNATIONAL STANDARD BOOK NUMBER
International Standard Book Number 1446256299
035 ## - SYSTEM CONTROL NUMBER
System control number (OCoLC)ocn869728625
040 ## - CATALOGING SOURCE
Original cataloging agency AU@
Language of cataloging eng
Transcribing agency AU@
Description conventions rda
Modifying agency OUN
-- UKMGB
-- OCLCO
-- YDXCP
-- CDX
-- IXA
-- MUM
-- OCLCO
-- OCLCF
-- DLC
042 ## - AUTHENTICATION CODE
Authentication code lccopycat
050 00 - LIBRARY OF CONGRESS CALL NUMBER
Classification number PN4783
Item number .M36 2014
100 1# - MAIN ENTRY--PERSONAL NAME
Personal name McKane, Anna,
245 10 - TITLE STATEMENT
Title News writing /
Statement of responsibility, etc. Anna McKane.
250 ## - EDITION STATEMENT
Edition statement 2nd ed.
264 #1 - PRODUCTION, PUBLICATION, DISTRIBUTION, MANUFACTURE, AND COPYRIGHT NOTICE
Place of production, publication, distribution, manufacture London
Name of producer, publisher, distributor, manufacturer SAGE,
Date of production, publication, distribution, manufacture, or copyright notice 2014
300 ## - PHYSICAL DESCRIPTION
Extent viii, 182 p ;
336 ## - CONTENT TYPE
Content type term text
Content type code txt
Source rdacontent
337 ## - MEDIA TYPE
Media type term unmediated
Media type code n
Source rdamedia
338 ## - CARRIER TYPE
Carrier type term volume
Carrier type code nc
Source rdacarrier
500 ## - GENERAL NOTE
General note Previous edition: 2006.
504 ## - BIBLIOGRAPHY, ETC. NOTE
Bibliography, etc Includes bibliographical references (pages 178-180) and index.
505 0# - FORMATTED CONTENTS NOTE
Formatted contents note 1. What makes news? -- 2. Gathering the news -- 3. The effective intro -- 4. The inverted pyramid -- 5. News as a conversation -- 6. Make it a new story, not a narrative -- 7. Presentation and headlines -- 8. Other ways into the story-- 9. Accuracy and getting it right -- 10. Choosing the right words -- 11. Writing for clarity -- 12. Grammar and punctuation -- 13. More news models -- Epilogue -- Appendix -- Glossary -- Further reading -- Index
520 ## - SUMMARY, ETC.
Summary, etc. The ability to hone and craft an eye catching news story is fundamental to good journalism. It is an essential skill that all journalists must carry with them. The growth of online journalism and of social media has meant that the skills required in news writing are evolving, opening up fresh challenges and exciting new possibilities.
650 #0 - SUBJECT ADDED ENTRY--TOPICAL TERM
Topical term or geographic name as entry element Journalism
General subdivision Authorship.
650 #0 - SUBJECT ADDED ENTRY--TOPICAL TERM
Topical term or geographic name as entry element Reporters and reporting.
650 #0 - SUBJECT ADDED ENTRY--TOPICAL TERM
Topical term or geographic name as entry element Mass media
General subdivision Authorship.
650 #0 - SUBJECT ADDED ENTRY--TOPICAL TERM
Topical term or geographic name as entry element Report writing.
906 ## - LOCAL DATA ELEMENT F, LDF (RLIN)
a 7
b cbc
c copycat
d 2
e epcn
f 20
g y-gencatlg
942 ## - ADDED ENTRY ELEMENTS (KOHA)
Source of classification or shelving scheme Library of Congress Classification
Koha item type General Collection
Holdings
Withdrawn status Lost status Source of classification or shelving scheme Not for loan Home library Current library Date acquired Cost, normal purchase price Total Checkouts Full call number Barcode Date last seen Price effective from Koha item type Date last checked out
    Library of Congress Classification   Kabarak, Main Campus Kabarak, Main Campus 01/11/2022 3876.00   PN4783 .M36 2014 c.1 032120 01/11/2022 01/11/2022 General Collection  
    Library of Congress Classification   Kabarak, Main Campus Kabarak, Main Campus 01/11/2022 3876.00 1 PN4783 .M36 2014 c.2 032121 22/11/2022 01/11/2022 General Collection 08/11/2022
    Library of Congress Classification   Kabarak, Main Campus Kabarak, Main Campus 01/11/2022 3876.00   PN4783 .M36 2014 c.3 032122 01/11/2022 01/11/2022 General Collection  
Designed with assistance from East African Informatics Ltd